00747 2200253 4500001002100000005001700021008004100038020002200079035002400101041000800125043001300133082001000146090002100156100002200177245011800199250001000317260003200327300003100359504001300390650002800403700002200431850001200453999002800465YOGYA-0711000000072420110714092703.0 ind  a978-979-29-1552-5 0010-071100000000724 aInd aYOPD DIY a398.2 aDEP 398.2bKri C aKristianto, Yusup aCerita Rakyat Indonesiab40 Cerita Rakyat Nusantara, Dari Aceh Sampai Papua, Disertai Lagu AnakcYusup Kristianto aCet 1 aYogyakartabNyo - Nyoc2011 aVIII, 228 hlmbilusc23 cm ahlm. 229 aCerita Rakyat Indonesia aRini W, Benedicta aYOPDYOG aCB - D.11 - 2011 - 1716